Statistics for War in the Middle East

Click here to take the quiz!

General Stats

  • This quiz has been taken 33 times
  • The average score is 6 of 18

Answer Stats

HintAnswer% Correct
What group was responsible for 9/11Al-Qaeda
86%
Who was the leader of Al-QaedaOsama Bin Laden
79%
U.S President who sent troops to the middle eastGeorge W Bush
76%
President that located Bin LadenBarack Obama
72%
Year troops started exiting Afghanistan2020
62%
When were soldiers removed from Iraq2011
59%
Standard U.S vehicle used in the Middle EastHumvee
28%
Major battle in the U.S Iraq coalition deadliest since Vietnam WarFalluja
21%
Explosive device used by Al-Qaeda to destroy troop convoysI.E.D
21%
Standard U.S rifle used since 1994M4A1
14%
Large Attack Helicopter used by U.S soldiers to combat Al-QaedaAH-64 Apache
10%
Operation that killed Osama Bin LadenOperation Neptune Spear
7%
First Battle in AfghanistanTora Bora
7%
U.S Medic/Transport Helicopter used since 1974UH-60 Black Hawk
7%
Combat Outpost that was attacked in 2009Cop Keating
3%
U.S General that turned the tide in Iraq and AfghanistanDavid H Petraeus
3%
NATO commander from 2000-2003Joseph Ralston
3%
When did U.S troops get deployed to the Middle EastSeptember 12,2001
3%

Score Distribution

Percentile by Number Answered

Percent of People with Each Score

Your Score History

You have not taken this quiz